00868cam a2200277 a 450000100100000000500170001000800410002702000150006804000200008308200240010310000380012724500430016525000120020826000330022030000210025349000200027458600230029465000280031765000310034583000280037691000280040491000070043204900090043995201270044899900150057500000810020200929154431.0760615s1994 sp 000 f spa d a8423307263 aDO-SdBNPdBNPHU a863.64bM445p, 19941 aMatute, Ana María,d1926-9472410aPrimera memoria /cAna María Matute. a11a ed. aBarcelona :bDestino,c1994. a245 p. ;c18 cm.1 aDestinolibrov7 aPremio nadal, 1959 4aNovela española91123 4aLiteratura española9632 0aDestinolibro ;v798086 aCatalogación derivada aWM aBNGR 001052708MOaGRbGRcHDd2009-09-14iLF1l0o863.64 M445p, 1994p8100-10r2020-06-25w2020-06-25y2ZPréstamo interno c7877d7877